000 00610nam a22002177a 4500
003 UA-OsUOA
001 92619
007 ta
008 20121220b un ||||| |||| 00| 0 ukr d
090 _a821.
942 _cBK
040 _aUA-OsUOA
_brus
_cUA-OsUOA
_dUA-OsUOA
245 _aАвстрийская новелла ХХ века
_cАрхипова Ю.
300 _a519 с.
955 _a3
041 _arus
080 _a821.
260 _aМ.
_bХудожественная литература
_c1981
650 7 _a82 Література. Літературознавство
_2UDC
999 _c379485
_d379485